Statistics for Greatest Football Players of All Time

Click here to take the quiz!

General Stats

  • This quiz has been taken 692 times
  • The average score is 11 of 15

Answer Stats

Nº of ExpertsNationYearsFootball Player% Correct
20
2002 - (now)Cristiano Ronaldo
99%
14
1993 - 2011Ronaldo
99%
53
2003 - (now)Lionel Messi
98%
107
1956 - 1977Pelé
98%
22
1976 - 1997Diego Maradona
94%
3
1989 - 2006Zinédine Zidane
86%
5
1964 - 1984Johan Cruyff
84%
3
1998 - 2015Ronaldinho
80%
3
1964 1983Franz Beckenbauer
70%
2
1963 - 1981Gerd Müller
66%
11
/
1945 - 1966Alfredo di Stéfano
65%
2
1972 - 1987Michel Platini
56%
2
1982 - 2004Roberto Baggio
42%
2
1971 - 1994Zico
34%
2
1927 - 1947Giuseppe Meazza
21%

Score Distribution

Percentile by Number Answered

Percent of People with Each Score

Your Score History

You have not taken this quiz